| 000 | 00350nam a2200133Ia 4500 | ||
|---|---|---|---|
| 008 | 240624s9999 xx 000 0 und d | ||
| 041 | _aeng | ||
| 082 | _a004 TUR | ||
| 100 | _aTURBAN EFRAIM | ||
| 245 | _aINTRODUCTION TO INFORMATION TECHNOLOGY | ||
| 250 | _a(2nd ed.) | ||
| 260 |
_c2007 _aNew Delhi _bWiley India |
||
| 300 | _axv, : 526 : p. : cm. ; 23 | ||
| 999 |
_c13255 _d13255 |
||